000 00702nam a2200241Ia 4500
003 OSt
005 20220918220836.0
006 a|||||r|||| 00| 0
007 ta
008 220917b |||||||| |||| 00| 0 eng d
024 _a147,214
037 _cTextual
040 _aARTS
_cARTS
_beng
041 _2eng
_aeng
082 _aY31(x).273M33<-L93, M0
100 _aSingh Upendra Narayan
_9138394
245 0 _aSome aspects of rural life in Bihar
_b An economic study 1793-1833
260 _aPatna
_bJanki Prakashan
_c1980
300 _a304p.
_ccm.
650 _aSOCIOLOGY
942 _hY31(x).273M33<-L93, M0
_cTEXL
_2CC
999 _c269968
_d269968